Une ville par lettres dans le monde - A - Z - Statistiques

Statistiques générales
  • Ce quiz a été pris 89 fois
  • Le résultat moyen est 5 sur 26
Statistiques - réponses
Hint Réponse % Correct
P Paris
67%
B Berlin
59%
A Amsterdam
51%
N New York
50%
L Londres
44%
M Madrid
41%
R Rome
31%
I Istanbul
19%
J Jérusalem
15%
Q Quito
12%
K Kiev
10%
Z Zurich
9%
O Orlando
8%
E Édimbourg
6%
H Hanoï
5%
S Shanghaï
5%
V Venise
5%
X Xi'an
4%
D Dakar
3%
F Florence
3%
G Genève
3%
U Ulaanbaatar
3%
Y Yacarta
3%
W Washington D.C.
1%
C Clermont-Ferrand
0%
T Taïwan
0%
Aucun quiz correspondant
Distribution des résultats
% des personnes avec chaque résultat
Percentile par nombre de réponses
Votre historique - résultats
Vous n’avez pas pris ce quiz